000 00945nam a2200313 i 4500
003 EG-GICUC
005 20260218120131.0
008 260218s1984 ce |fr|||| 001 0 eng d
020 _a
040 _aEG-GiCUC
_beng
_cEG-GiCUC
_dEG-GiCUC
_erda
041 0 _aeng
082 0 4 _221
_a341
_bWE . L
092 0 4 _221
099 _aLaw1 11 341 WE . L 1984
100 1 _aWeeramantry, C. G
_eAuthor.
245 1 0 _aLaw: The Threatened Peripheries /
_cC. G. Weeramantry.
264 1 _aColombo :
_bLake House Investments,
_c1984.
300 _a274 pages,
_c24 cm
_billustrations,
336 _2rda content
_atext
337 _2rda media
_aComputer
338 _2rda carrier
_aOnline Resource
504 _aBibliography: pages 200-250.
546 _aText in English
650 1 4 _aPublic international law
_2qrmak
651 1 _2qrmak
856 4 0 _uhttps://fll.law.cu.edu.eg/fulltext/bks/B11-08068.pdf
905 _a48
942 _2ddc
_cBK
_e21
_n0
999 _c63535
_d63535